Leading global projects for professional and accidental project leaders /

Bibliographic Details
Main Author: Moran, Robert T., 1938-
Corporate Author: ProQuest (Firm)
Other Authors: Youngdahl, William E.
Format: Electronic eBook
Language:English
Published: Amsterdam ; Boston : Butterworth-Heinemann/Elsevier, 2008.
Edition:1st ed.
Subjects:
Online Access:Click to View
LEADER 01422nam a2200373Ia 4500
001 EBC404671
003 MiAaPQ
005 20200520144314.0
006 m o d |
007 cr cn|||||||||
008 080414s2008 ne a sb 001 0 eng d
020 |z 9780750682466 (hbk.) 
020 |z 0750682469 (hbk.) 
035 |a (MiAaPQ)EBC404671 
035 |a (Au-PeEL)EBL404671 
035 |a (CaPaEBR)ebr10254703 
035 |a (CaONFJC)MIL176271 
035 |a (OCoLC)437245606 
040 |a MiAaPQ  |c MiAaPQ  |d MiAaPQ 
050 4 |a HD62.4  |b .M67 2008 
100 1 |a Moran, Robert T.,  |d 1938- 
245 1 0 |a Leading global projects  |h [electronic resource] :  |b for professional and accidental project leaders /  |c Robert T. Moran and William E. Youngdahl. 
250 |a 1st ed. 
260 |a Amsterdam ;  |a Boston :  |b Butterworth-Heinemann/Elsevier,  |c 2008. 
300 |a xxi, 247 p. :  |b ill. 
504 |a Includes bibliographical references and index. 
533 |a Electronic reproduction. Ann Arbor, MI : ProQuest, 2015. Available via World Wide Web. Access may be limited to ProQuest affiliated libraries. 
650 0 |a International business enterprises  |x Management. 
650 0 |a Leadership. 
650 0 |a Executive ability. 
655 4 |a Electronic books. 
700 1 |a Youngdahl, William E. 
710 2 |a ProQuest (Firm) 
856 4 0 |u https://ebookcentral.proquest.com/lib/matrademy/detail.action?docID=404671  |z Click to View